00212nam a2200097Ia 4500008004100000100001900041245002100060260001600081260000900097300000800106170620s9999 xx 000 0 und d aDevanand- G.K. 0aTeaching of Yoga bA.P.H. Pub. c2008 a293